Оптимальные геометрические параметры режущей части инструментов: основные положения

Bibliographische Detailangaben
1. Verfasser: Ларин М. Н.
Sprache:Russisch
Veröffentlicht: Москва, Оборонгиз, 1953
Schlagworte:
Format: MixedMaterials Buch
KOHA link:https://koha.lib.tpu.ru/cgi-bin/koha/opac-detail.pl?biblionumber=105240

MARC

LEADER 00000nam0a2200000 4500
001 105240
005 20231031114341.0
035 |a (RuTPU)RU\TPU\book\113530 
090 |a 105240 
100 |a 20061114d1953 m y0rusy50 ca 
101 0 |a rus 
102 |a RU 
105 |a a z 001zy 
200 1 |a Оптимальные геометрические параметры режущей части инструментов  |e основные положения  |f М. Н. Ларин 
210 |a Москва  |c Оборонгиз  |d 1953 
215 |a 147 с.  |c ил. 
320 |a Библиогр.: с. 144-145. 
610 1 |a режущие инструменты 
610 1 |a геометрические параметры 
610 1 |a задний угол 
610 1 |a передний угол 
610 1 |a определение 
610 1 |a влияние 
675 |a 43/II  |v 3 
700 1 |a Ларин  |b М. Н. 
801 1 |a RU  |b 63413507  |c 20061114  |g PSBO 
801 2 |a RU  |b 63413507  |c 20141028  |g PSBO 
942 |c BK